[Event "Saarland-ch MB 85th"]
[Site "Homburg"]
[Date "2010.04.03"]
[Round "9"]
[White "Jochem, Harald"]
[Black "Laufer, Thierry"]
[Result "1/2-1/2"]
[WhiteElo "1860"]
[BlackElo "2000"]
[PlyCount "82"]
[EventDate "2010.03.27"]
[EventType "swiss"]
[EventRounds "9"]
[EventCountry "GER"]
[SourceTitle "EXT 2011"]
[Source "ChessBase"]
[SourceDate "2010.11.26"]
[SourceVersion "1"]
[SourceVersionDate "2010.11.26"]
[SourceQuality "1"]

1. e4 e6 2. d4 d5 3. Nc3 Nf6 4. Bg5 Be7 5. e5 Nfd7 6. h4 a6 7. Bxe7 Qxe7 8. Qg4 f5 9. exf6 Nxf6 10. Qg3 b5 11. Bd3 Nc6 12. Nf3 Nb4 13. Ne5 Nxd3+ 14. Nxd3 0-0 15. 0-0 b4 16. Na4 Ne4 17. Qh2 Ra7 18. Nac5 Nxc5 19. Nxc5 Qf6 20. c3 a5 21. Rad1 Qf4 22. Qxf4 Rxf4 23. g3 Rf6 24. Rde1 Ba6 25. Nxa6 Rxa6 26. Rc1 c6 27. Rc2 Rf3 28. Rd1 Rf8 29. f4 bxc3 30. Rxc3 Rb8 31. Rd2 Kf7 32. Kf2 Ke7 33. Re3 Kf6 34. g4 g6 35. Rde2 Re8 36. Re5 Ra7 37. Ke3 Rc7 38. Kd3 Rce7 39. Rc2 Rc8 40. Rc5 Ra7 41. Re1 Ra6 1/2-1/2

[Event "Saarland-ch MB 85th"]
[Site "Homburg"]
[Date "2010.04.01"]
[Round "7"]
[White "Laufer, Thierry"]
[Black "Rosenkranz, Christian"]
[Result "1/2-1/2"]
[WhiteElo "2000"]
[BlackElo "1737"]
[PlyCount "44"]
[EventDate "2010.03.27"]
[EventType "swiss"]
[EventRounds "9"]
[EventCountry "GER"]
[SourceTitle "EXT 2011"]
[Source "ChessBase"]
[SourceDate "2010.11.26"]
[SourceVersion "1"]
[SourceVersionDate "2010.11.26"]
[SourceQuality "1"]

1. Nf3 c5 2. c4 g6 3. Nc3 Bg7 4. g3 Nc6 5. Bg2 d6 6. 0-0 e5 7. d3 Nge7 8. Rb1 Rb8 9. Bd2 0-0 10. Qc1 b6 11. a3 a5 12. Ne1 Be6 13. Nc2 d5 14. cxd5 Nxd5 15. Nxd5 Bxd5 16. b4 Bxg2 17. Kxg2 axb4 18. axb4 Nd4 19. Nxd4 cxd4 20. b5 Qd5+ 21. Kg1 Rfc8 22. Qb2 Ra8 1/2-1/2